000 00787nam a22001577a 4500
003 OSt
005 20151001092432.0
008 151001b xxu||||| |||| 00| 0 eng d
040 _cRUA
082 _aAGR KOR 2007 B062 Or.1
100 _91643
_aKORNG, SAVANG.
245 _aeffet de diffeerents engrais organiques sur la culture de la margose a la station experimentale de l'universite royale d'agriculture, ឥទ្ធិពលជីធម្មជាតិប្រភេទផ្សឹងៗគ្នាទឿលើដំណាំម្រះក្នុងស្ថានីពិសោធន៍ដំណាំនសាកលវិទ្យាល័យភូមិន្ធកសិកម្ម.
260 _aphnom phen
_bRUA
_c2007
300 _a47p.
_bill.
_c29cm.
942 _2ddc
_cAGR
999 _c1551
_d1551